01168nam a2200313Ia 450000500170000000800410001702000190005810000170007724500910009425000390018530000510022449000450027552100530032065000550037365000560042865000350048465000380051965000350055770000260059270000220061894200150064026400500065533600270070533700330073233800280076504000350079308400110082899900150083920220317000946.0160825s9999 xx 000 0 und d a978968163750121 aMiles, Miska aAni y la ancianacMiska Miles ; traducido por Katy Torre ; ilustrado por Peter Parnall a1a. edición b7a. reimpresión  a44 páginas bilustraciones en color b22 cm  aLos especiales de A la orilla del viento aRecomendado para niños de 9 años en adelante142LEMBaCuentos infantiles estadounidensesySiglo XX142LEMB aLiteratura infantil estadounidenseySiglo XX142LEMBaAbuelos en la literatura142LEMB aEmociones en la literatura142LEMB aMuerte en la literatura1 aParnall, Peter 981161 aTorre, Katy98117 2loccBKLIT aBogotábFondo de Cultura Económica,c2007 atextobtxt2rdacontent asin mediaciónbn2rdamedia avolumenbnc2rdacarrier aCO-BoRNBPbspaerdacCO-BoRNBP aC MIL2 c5523d5523